La prensa como fuente para la historia /

Shranjeno v:
Bibliografske podrobnosti
Drugi avtorji: Palacio Montiel, Cecilia del (coordinadora)
Format: Neznan
Jezik:Spanish
Izdano: México : Miguel Ángel Porrúa, c2006.
Izdaja:1. edición
Teme:
Oznake: Označite
Brez oznak, prvi označite!

MARC

LEADER 000000000a22000000004500
001 004571
020 |a 9707018488 
041 0 |a spa 
082 0 4 |a 079.72   |b P926p 
700 1 |a Palacio Montiel, Cecilia del,   |e coordinadora 
245 1 3 |a La prensa como fuente para la historia /   |c Cecilia del Palacio Montiel, coordinadora. 
250 |a 1. edición 
260 1 |a México :   |b Miguel Ángel Porrúa,   |c c2006. 
300 |a 228 páginas 
650 4 |a PRENSA 
650 4 |a MEXICO 
999 |c 10705  |d 10705 
942 |c BK  |h 079.72 P926p  |2 z